Normal view
MARC view
- Epp, Susanna S.
Entry Personal Name
001 - CONTROL NUMBER
- control field: 1436
003 - CONTROL NUMBER IDENTIFIER
- control field: URS
005 - DATE AND TIME OF LATEST TRANSACTION
- control field: 20220523134119.0
008 - FIXED-LENGTH DATA ELEMENTS
- fixed length control field: 220523|| aca||aabn | a|a d
040 ## - CATALOGING SOURCE
- Original cataloging agency: URS
- Description conventions: rda
100 ## - HEADING--PERSONAL NAME
- Personal name: Epp, Susanna S.
- Relator term: author